000 02604nam a2200361 a 4500
001 ebr10404082
003 CaPaEBR
006 m u
007 cr cn|||||||||
008 100304s2010 nyu sb 001 0 eng d
010 _z 2010009116
020 _z9780691147284 (hardcover : alk. paper)
020 _z9780691147291 (pbk. : alk. paper)
020 _z9781400836772 (e-book)
040 _aCaPaEBR
_cCaPaEBR
035 _a(OCoLC)650853987
043 _an-us---
050 1 4 _aBL2525
_b.R455 2010eb
245 0 0 _aReligion and democracy in the United States
_h[electronic resource] :
_bdanger or opportunity? /
_cAlan Wolfe and Ira Katznelson, editors.
260 _aNew York :
_bRussell Sage Foundation ;
_aPrinceton, N.J. :
_bPrinceton University Press,
_cc2010.
300 _a[ix], 444 p.
504 _aIncludes bibliographical references and index.
505 0 _aPolitical science, democracy, and religion / Alan Wolfe -- Religious diversity and American democracy : a view from the polls / John C. Green -- Muslim Americans : enriching or depleting American democracy? / Amaney Jamal -- The constitutions of religious pluralism in the United States / Bette Novit Evans -- The political consequences of religiosity : does religion always cause political intolerance? / James L. Gibson -- The Christian right and civic virtue / Clyde Wilcox -- Religion and party activists : a "perfect storm" of polarization or a recipe for pragmatism? / Geoffrey C. Layman -- Entering the promised land? the rise of prosperity gospel and post-civil rights Black politics / Fredrick C. Harris -- This far by faith? : religion, gender, and efficacy / Allison Calhoun-Brown -- Religion and the political and civic lives of Latinos / David L. Leal -- Mobilizing religious differences in American politics / Kenneth D. Wald and David C. Leege -- Faith in America : political theory's logic of autonomy and logic of congruence / Nancy L. Rosenblum -- Reflections on religion, democracy, and the politics of good and evil / Ira Katznelson.
533 _aElectronic reproduction.
_bPalo Alto, Calif. :
_cebrary,
_d2010.
_nAvailable via World Wide Web.
_nAccess may be limited to ebrary affiliated libraries.
650 0 _aDemocracy
_zUnited States.
650 0 _aDemocracy
_xReligious aspects.
651 0 _aUnited States
_xReligion.
655 7 _aElectronic books.
_2local
700 1 _aWolfe, Alan,
_d1942-
700 1 _aKatznelson, Ira.
710 2 _aebrary, Inc.
856 4 0 _uhttp://site.ebrary.com/lib/rucke/Doc?id=10404082
_zAn electronic book accessible through the World Wide Web; click to view
999 _c81156
_d81156